02935nam a22002177a 450000500170000000700150001700800410003202000220007303500100009504000090010510000200011424501080013425600240024226000290026630000280029550020060032350602700232965000390259974000380263885600410267620240305165616.0cr|||| |||| 210908s2020 it |||||s|||| 00||0 ita d a978-84-1377-299-8 a33519 avLex1 aProietti, Elena10aEnergie rinnovabili & diritti umanih[Recurso electrónico] :bVerso un nuovo futuro /cElena Proietti aServicio en línea aMadrid:bDykinson,c2020 a1 recurso electrónico aIl riconoscimento giuridico della correlazione tra tutela della salute e diritti umani, da una parte, e diritto a vivere in un ambiente salubre, non minacciato nel futuro dagli effetti del cambiamento climatico, dall’altra, si sta già verificando a tutti i livelli, da quello internazionale e comunitario, a quello nazionale, regionale e locale. Sembrerebbe, tuttavia, che le iniziative relative alla mitigazione (e adattamento) degli effetti del cambiamento climatico provenienti dal «basso» si siano dimostrate, fino a oggi, molto più efficaci e rapide rispetto a quelle provenienti dall’ «alto», rallentate da compromessi di tipo economico e politico che continuano a procrastinare sine die il momento di produrre un accordo giuridico vincolante, a livello globale, non più rinviabile o emendabile. Ai fini della realizzazione del diritto alla salute di ogni individuo, inoltre, è ormai fondamentale garantire l’accesso all’energia, indispensabile sia per qualsiasi forma di cura e assistenza sanitaria, che per i bisogni primari quali l’accesso all’acqua, al cibo e all’igiene. In seguito alle scoperte scientifiche relative al cambiamento climatico, tuttavia, parlare di diritto all’accesso all’energia non potrà che sottintendere l’accesso all’energia «pulita» e, quindi, rinnovabile, in grado di garantire la tutela di diritti che l’utilizzo di combustibili fossili sta minacciando gravemente. Solo lo sfruttamento delle energie rinnovabili soddisferebbe, infatti, l’esigenza generale di accesso all’energia e al suo utilizzo, nonché la salvaguardia dei diritti umani generalmente riconosciuti. Per tali ragioni sarà importante evidenziare le origini della materia sulle energie rinnovabili, i suoi sviluppi a livello giuridico e approfondire le concrete azioni che sono state adottate, fino a giungere alla proposta inedita, ispirata dalla sentenza Olanda vs Urgenda Foundation, del riconoscimento di un nuovo diritto umano: l'accesso all'energia rinnovabile.1 aDisponible solo en los productos indicadosdvLex GlobaldvLex Global (Academic Edition, excluding Law Schools)dvLex Global (U.S. Academic Edition, Law Schools)dvLex Global (U.S. Academic Edition, excluding Law Schools)dvLex Global (Academic Edition, Law Schools)04aDerecho del Medio AmbientezItalia0 avLex Libros (Servicio en línea)40uhttps://app.vlex.com/#/sources/33519